Leyes Tributarias del 2012 Distrito Federal /

Detalles Bibliográficos
Autor principal: Přez Chv̀ez, Još
Otros Autores: Fol Olguin, Raymundo
Formato: eBook
Lenguaje:español
Publicado: Mx̌ico : Tax Editores, 2012
Materias:
Acceso en línea:Acceso restringido

MARC

LEADER 00000nam a22000007a 4500
005 20120905171656.0
007 cr|||| ||||
008 120905s2012 mx |||||s|||| 00||0 spa d
020 |a 978-607-440-349-7 
035 |a 6640 
040 |a vLex 
090 |c 3372  |d 3372 
100 1 |a Přez Chv̀ez, Još 
245 1 0 |a Leyes Tributarias del 2012  |h [Recurso electrn̤ico] :  |b Distrito Federal /  |c Jos ̌Přez Chavez, Raymundo Fol Olguin  
256 |a Servicio en ln̕ea 
260 |a Mx̌ico :  |b Tax Editores,  |c 2012 
300 |a 1 recurso electrn̤ico 
506 1 |a Contenido solo disponible en los productos indicados  |d vLex Global   |d vLex Global (Academic Edition, excluding Law Schools)   |d vLex Global (U.S. Academic Edition, Law Schools)   |d vLex Global (U.S. Academic Edition, excluding Law Schools)   |d vLex Global (Academic Edition, Law Schools)  
650 0 4 |a Derecho fiscal  |z Mx̌ico 
700 1 |a Fol Olguin, Raymundo 
740 0 |a vLex Libros (servicio en ln̕ea) 
856 4 0 |u http://vlex.com/source/leyes-tributarias-2012-distrito-federal-6640  |z Acceso restringido 
942 |c BOOK 
999 0 |a Taxation